000 00543nam a2200169Ia 4500
003 IN-BaIIA
008 211028s9999 xx 000 0 eng d
020 _a978-0230-331921
040 _cIIA Library
080 _a551.583(547.1GUJ)
_bMOD
100 _aModi, Narendra
_934315
245 0 _aConvenient action: Gujarat's response to challenges of climate change
_cNarendra Modi
260 _aNew Delhi
_bMacmillan
_c2011
300 _a226p.
650 _aClimate change-Gujarat
_934316
942 _cBK
999 _c18014
_d18014